| 000 | 01039pam a2200289 a 4500 | ||
|---|---|---|---|
| 001 | 014626606 | ||
| 003 | Uk | ||
| 005 | 20091008135917.0 | ||
| 008 | 080514s2009 maua b 001 0 eng d | ||
| 020 | _a0321560469 | ||
| 020 | _a9780321560469 | ||
| 082 | 0 | 4 |
_a333.7 _222 _bTIE |
| 100 | 1 |
_aTietenberg, Thomas H. _930279 |
|
| 245 | 1 | 0 | _aEnvironmental & Natural Resource Economics. |
| 250 |
_a8th ed. / _bTom Tietenberg, Lynne Lewis. |
||
| 260 |
_aBoston, Mass. ; _aLondon : _bPearson/Addison Wesley, _cc2009. |
||
| 300 |
_axxviii, 660 p. : _bill. ; _c24 cm. |
||
| 490 | 0 |
_aThe Addison-Wesley series in economics _930280 |
|
| 500 | _aPrevious ed.: 2006. | ||
| 504 | _aIncludes bibliographical references and index. | ||
| 650 | 0 |
_aEnvironmental economics. _930281 |
|
| 650 | 0 |
_aNatural resources. _930282 |
|
| 653 |
_bEco _cJune2012 |
||
| 700 | 1 |
_aLewis, Lynne. _930283 |
|
| 942 |
_2ddc _cBB |
||
| 999 |
_c16806 _d16806 |
||